[Event "BIH-chT 21st"]
[Site "Sarajevo"]
[Date "2023.10.31"]
[Round "1.5"]
[White "Sajin, Mirko"]
[Black "Culum, Sanjin"]
[Result "1/2-1/2"]
[WhiteElo "2310"]
[BlackElo "2369"]
[PlyCount "124"]
[EventDate "2023.10.31"]
[EventType "team-tourn"]
[EventRounds "9"]
[EventCountry "BIH"]
[SourceTitle "Mega2024 Update 01"]
[Source "Chessbase"]
[SourceDate "2023.11.12"]
[SourceVersion "1"]
[SourceVersionDate "2023.11.12"]
[SourceQuality "1"]
[WhiteTeam "Bihac"]
[BlackTeam "Cazin"]
[WhiteTeamCountry "BIH"]
[BlackTeamCountry "BIH"]

1. e4 c5 2. c3 d5 3. exd5 Nf6 4. d4 Nxd5 5. Nf3 cxd4 6. Qxd4 Nc6 7. Bb5 e6 8. 0-0 Bd7 9. Qd1 Bc5 10. Nbd2 Nf6 11. Nb3 Be7 12. Qe2 0-0 13. Bf4 Qb6 14. Rad1 Rfd8 15. Bd3 Be8 16. Rfe1 Rd5 17. Bc4 Rxd1 18. Rxd1 Rd8 19. Rxd8 Qxd8 20. Qd2 Qc8 21. Bd3 Nd5 22. Bg3 h6 23. h3 Bf8 24. Be4 Nf6 25. Bc2 Qd7 26. Qxd7 Nxd7 27. Be4 Nb6 28. Nbd4 Na4 29. Nxc6 Bxc6 30. Bxc6 bxc6 31. Ne5 Nxb2 32. Nxc6 Nd1 33. c4 Bc5 34. Ne5 f6 35. Nd7 Bd4 36. c5 Kf7 37. c6 Ke7 38. Nb8 Kd8 39. c7+ Kc8 40. Nc6 Bc5 41. Nd8 e5 42. Ne6 Bb6 43. Nxg7 Bxc7 44. Nf5 Kd7 45. Nxh6 Ke6 46. Ng4 f5 47. Ne3 Nc3 48. Nc2 Nxa2 49. f3 a5 50. Be1 Nc1 51. g4 a4 52. Kf1 Bd8 53. Bd2 Nd3 54. Ke2 Nf4+ 55. Bxf4 exf4 56. gxf5+ Kxf5 57. Kd3 Be7 58. Kc4 Kg5 59. Nd4 Bd6 60. Ne6+ Kf5 61. Nd4+ Kf6 62. Ne2 Ke5 1/2-1/2

[Event "Bosnjaci op 27th"]
[Site "Bosnjaci"]
[Date "2023.01.08"]
[Round "8"]
[White "Sajin, Mirko"]
[Black "Zadravec, Matija"]
[Result "1/2-1/2"]
[WhiteElo "2154"]
[BlackElo "2251"]
[PlyCount "42"]
[EventDate "2023.01.03"]
[EventType "swiss"]
[EventRounds "9"]
[EventCountry "CRO"]
[SourceTitle "CBM 212 Extra"]
[Source "ChessBase"]
[SourceDate "2023.03.31"]
[SourceVersion "1"]
[SourceVersionDate "2023.03.31"]
[SourceQuality "1"]

1. e4 c5 2. Nc3 d6 3. f4 g6 4. Nf3 Bg7 5. Bb5+ Bd7 6. Bc4 Nc6 7. 0-0 Nd4 8. Nxd4 cxd4 9. Ne2 Bc6 10. d3 d5 11. exd5 Bxd5 12. Bb5+ Bc6 13. Bxc6+ bxc6 14. Ng3 e6 15. b3 Ne7 16. Ne4 0-0 17. Ba3 Qc7 18. Bxe7 Qxe7 19. Qf3 Rfe8 20. Nd2 Qc5 21. Nc4 Rad8 1/2-1/2

[Event "Tuzla op 16th"]
[Site "Tuzla"]
[Date "2022.11.27"]
[Round "6"]
[White "Hogic, Enes"]
[Black "Sajin, Mirko"]
[Result "0-1"]
[WhiteElo "1985"]
[BlackElo "2167"]
[PlyCount "96"]
[EventDate "2022.11.24"]
[EventType "swiss"]
[EventRounds "7"]
[EventCountry "BIH"]
[SourceTitle "CBM 211 Extra"]
[Source "ChessBase"]
[SourceDate "2023.01.31"]
[SourceVersion "1"]
[SourceVersionDate "2023.01.31"]
[SourceQuality "1"]

1. Nf3 Nf6 2. b3 d5 3. Bb2 Bg4 4. h3 Bxf3 5. exf3 Nbd7 6. d4 e6 7. Nd2 Bd6 8. Bd3 c5 9. dxc5 Bxc5 10. f4 Qb6 11. 0-0 Bd4 12. c3 Bc5 13. Qe2 0-0 14. g4 Qd6 15. g5 Ne8 16. Qh5 g6 17. Qh4 Ng7 18. Bc1 e5 19. Bb5 e4 20. Qg4 Nf5 21. Nxe4 dxe4 22. Rd1 Bxf2+ 23. Kg2 Nf6 24. gxf6 Qb6 25. Bd7 Nh4+ 26. Kh1 Qxf6 27. Qe2 Bc5 28. Qxe4 Qxc3 29. Bd2 Qd4 30. Qxd4 Bxd4 31. Rac1 Rfd8 32. Bg4 h5 33. Be2 Nf5 34. Bf3 Rd7 35. Ba5 Re8 36. Rc2 Rde7 37. Bd2 Bb6 38. a4 Nd4 39. Rc3 Nxf3 40. Rxf3 Rd7 41. a5 Bxa5 42. Rf2 Red8 43. Bxa5 Rxd1+ 44. Kg2 R8d5 45. Bc7 R1d2 46. Bb8 a6 47. b4 Rxf2+ 48. Kxf2 Rd4 0-1

[Event "BIH-chT 29th"]
[Site "Bihac"]
[Date "2022.08.27"]
[Round "7.6"]
[White "Cinac, Dzemal"]
[Black "Sajin, Mirko"]
[Result "0-1"]
[WhiteElo "1826"]
[BlackElo "2094"]
[PlyCount "78"]
[EventDate "2022.08.23"]
[EventType "tourn"]
[EventRounds "9"]
[EventCountry "BIH"]
[SourceTitle "CBM 210 Extra"]
[Source "ChessBase"]
[SourceDate "2022.11.30"]
[SourceVersion "1"]
[SourceVersionDate "2022.11.30"]
[SourceQuality "1"]

1. Nf3 Nf6 2. g3 g6 3. Bg2 Bg7 4. c4 d5 5. cxd5 Nxd5 6. 0-0 0-0 7. d4 Nc6 8. e4 Nb6 9. d5 Na5 10. Nc3 c6 11. dxc6 Nxc6 12. Qe2 Bg4 13. Be3 e5 14. h3 Be6 15. Bxb6 Qxb6 16. Nd5 Qa5 17. Rfd1 Rad8 18. Qd2 Qxd2 19. Rxd2 Bh6 20. Nf6+ Kh8 21. Rxd8 Rxd8 22. a3 Bb3 23. Ng4 Bg7 24. Ne3 Nd4 25. Re1 Rc8 26. Nd2 Be6 27. g4 Bh6 28. Ndf1 Bg5 29. Rd1 Kg7 30. Rd3 Rc1 31. Rd1 Rxd1 32. Nxd1 Ne2+ 33. Kh1 Bc1 34. Nfe3 Nf4 35. Bf1 Bb3 36. Kh2 Ne6 37. Bc4 Bxc4 38. Nxc4 b5 39. Nxe5 Bf4+ 0-1

[Event "Lukavac op 8th"]
[Site "Lukavac"]
[Date "2019.11.25"]
[Round "6"]
[White "Sajin, Mirko"]
[Black "Pestek, Elvis"]
[Result "1/2-1/2"]
[WhiteElo "1679"]
[BlackElo "1972"]
[PlyCount "167"]
[EventDate "2019.11.22"]
[EventType "swiss"]
[EventRounds "7"]
[EventCountry "BIH"]
[SourceTitle "CBM 193 Extra"]
[Source "ChessBase"]
[SourceDate "2020.01.31"]
[SourceVersion "1"]
[SourceVersionDate "2020.01.31"]
[SourceQuality "1"]

1. e4 e6 2. d3 d5 3. Nd2 Nf6 4. Ngf3 b6 5. e5 Nfd7 6. g3 c5 7. Bg2 Qc7 8. Qe2 Bb7 9. 0-0 Nc6 10. Re1 Be7 11. b3 0-0 12. Bb2 Rae8 13. h4 Nb4 14. Nf1 d4 15. a3 Nd5 16. Qd2 a5 17. a4 Bd8 18. N1h2 f6 19. exf6 gxf6 20. Ng4 Kh8 21. Nh6 Nb8 22. Bc1 Na6 23. Ng4 Nab4 24. Ba3 Rg8 25. Nh6 Rg6 26. Bxb4 Nxb4 27. Rac1 Nd5 28. h5 Rg7 29. Nf5 Rgg8 30. Nh6 Rgf8 31. Ng4 Qg7 32. Ngh2 Rg8 33. Kh1 Qf7 34. Qh6 Qg7 35. Qd2 Be7 36. Rg1 Bd6 37. Rce1 Qf7 38. g4 Bf4 39. Qe2 Nc3 40. Qf1 Qc7 41. Ra1 Bxf3 42. Nxf3 Rxg4 43. Bh3 Rxg1+ 44. Nxg1 Qf7 45. Bg4 Rg8 46. Qh3 f5 47. Bf3 Rg7 48. Ne2 Nxe2 49. Bxe2 Bb8 50. Bf3 Qc7 51. Rg1 Qf4 52. Rxg7 Kxg7 53. Kg2 Kf6 54. Bc6 Kg5 55. Bf3 h6 56. Qg3+ Qxg3+ 57. fxg3 Bd6 58. Be2 e5 59. Bf3 Be7 60. Kh3 Bf6 61. Kg2 Bd8 62. Kh3 Bc7 63. Kg2 Bd6 64. Kh3 Kf6 65. Bd5 Be7 66. Kg2 Kg5 67. Bf3 Bd8 68. Kh3 Kf6 69. Bd5 Bc7 70. Kg2 Ke7 71. Bf3 Ke6 72. Bc6 Bd8 73. Kf3 Bg5 74. g4 e4+ 75. dxe4 fxg4+ 76. Kxg4 Ke5 77. Kf3 Kd6 78. Bb5 Ke5 79. Bd3 Be7 80. Bc4 Bd6 81. Bb5 Kf6 82. Kg4 Bh2 83. Bc4 Ke5 84. Kf3 1/2-1/2